000 00307nam a2200133Ia 4500
100 _aDaugherty/ R.L
942 _cBK
654 _aFluid
245 _aFluid Mechanics With Engineering Applications
260 _bMcGraw Hill
_aNew York
_c1985
082 _a532
_bDAU/FRA
300 _a639
546 _aENGLISH
999 _c30853
_d30853